Music Quiz

Random Music or Song Quiz
Score 0/57 Timer 14:00
0 Plays Today
Number Music % Correct
08Very Good
73.6%
19Back Seat
47.1%
16Eyes Nose Lips
43.8%
30Evanesce
43%
17 Come Here
42.1%
32Black
38.8%
57Standing Still
38.8%
13Wrong Number
37.2%
12Tough cookie
36.4%
25Psycho
33.1%
52Candy
31.4%
35Run
30.6%
39Let me know
30.6%
29We On
28.9%
01What am I to you
28.1%
21Gimme
23.1%
40Stay
23.1%
10What you want
22.3%
11Left Out
21.5%
26Viva
21.5%
47Different
20.7%
15A song for you
19.8%
45Sad Movie
19%
44AMOR FATI
18.2%
07Safety Zone
16.5%
09Green Light
16.5%
50Love you to death
16.5%
24Electricity
15.7%
02BIG MAN
14.9%
Number Music % Correct
51Body & Soul
14.9%
41Wicked
14%
27Beautiful Killer
13.2%
53Men are all like that
13.2%
14Sometimes
11.6%
23I am
11.6%
42Like a Fire
11.6%
20Beautiful Ghost
9.9%
35Slow
9.9%
56Come back home
9.1%
04MR MR
8.3%
28Need You Now
8.3%
34Oh! Good
8.3%
37Buster
8.3%
54Let the wind blow
8.3%
55No make up
8.3%
36Thinking about you
7.4%
48Game Over
7.4%
05One way love
6.6%
31Dj got me going crazy
6.6%
33My Girl
6.6%
46Inconvenient Truth
6.6%
49Lesson 5
6.6%
22Guerrilla's Way
5.8%
38Catch Me
5.8%
43Light
5.8%
03Crush on you
5%
18Evolution
5%
Remove Ads.
Support Sporcle.
Get the best of Sporcle when you Go Orange. This ad-free experience offers more features, more stats, and more fun while also helping to support Sporcle. Thank you for becoming a member.

You're not logged in!

Compare scores with friends on all Sporcle quizzes.
OR
Log In

Show Comments

Extras

Top Quizzes Today


Score Distribution

Your Account Isn't Verified!

In order to create a playlist on Sporcle, you need to verify the email address you used during registration. Go to your Sporcle Settings to finish the process.

Report this User

Report this user for behavior that violates our Community Guidelines.

Details: